A Country and a Word (1st Two Letters) - Statistics

General Stats
  • This quiz has been taken 34 times
  • The average score is 38 of 52
Answer Stats
1st Letter Hint Answer % Correct
D A nordic country and the textile that jeans are made of Denmark
97%
E A country in Eastern Europe and Spanish in Spanish Estonia
97%
F A Nordic country and another word for your digits Finland
97%
Denim
94%
G A country in West Africa and a poltergiest Ghana
94%
H A landlocked country in Central Europe and Victor Hugo's protagonist's affliction Hungary
94%
R The largest country in the world by area and the British word for trash Russia
94%
Sung
94%
A A country in the Balkans and a person lacking melanin Albania
90%
I Bjork's country and a person worthy of veneration Iceland
90%
M A micronation in Europe and a classic real estate focused board game Monaco
90%
O A country bordering Yemen and a common Muslim name for a male Oman
90%
Q The only country that starts with Q and mystical teachings of rabbinical origin, sometimes spelled with a K Qatar
90%
Rubbish
90%
Finger
87%
Ghost
87%
S Country bordering Brazil, Guyana, France and the past tense of sing Suriname
87%
Albino
84%
Ugly
84%
Y A country bordering Oman and what makes bread rise Yemen
84%
Belly
81%
C A country in west Africa and a visit married prisoners get Congo
81%
K An island nation in the south pacific and the captain of the U.S.S. Enterprise Kiribati
81%
N A country in Southern Africa and the city known as Music City U.S.A. Namibia
81%
U Country in East Africa and the opposite of pretty Uganda
81%
Vampire
81%
Z A country in Southern Africa and another word for a shapely woman Zambia
81%
B A country neighboring Lithuania and another word for stomach Belarus
77%
V Country in the South Pacific and a blood sucking monster Vanuatu
77%
Kirk
74%
Liquor
74%
Yeast
74%
Espanol
71%
J A country in Asia and the nickname for Johannesburg Jordan
71%
L A micronation in Europe and another word for distilled spirits Liechtenstein
71%
Monopoly
71%
Nashville
68%
Well
68%
Conjugal
65%
T An island country in the South Pacific and a stranger in a strange land Tonga
65%
W Disputed territory on Morocco's border and a hole in the ground with fresh water Western Sahara
61%
Omar
58%
P Country with the most languages (820) and big, thick skinned animals like elephants Papua New Guinea
55%
Icon
52%
Joburg
48%
Hunchback
42%
Tourist
42%
X The capital of Kublai Khan's Yuan dynasty in China and a food thickener Xanadu
29%
Pachyderm
26%
Qabala
26%
Xanthan Gum
16%
Zaftig
10%
No matching quizzes found
Score Distribution
Percent of People with Each Score
Percentile by Number Answered
Your Score History
You have not taken this quiz